ბათუმის შოთა რუსთაველის სახელმწიფო უნივერსიტეტის ბიბლიოთეკა

ვაზის უმტავრესი მავნებლები და მათთან ბრძოლა. (ბიბ.ჩანაწერი № 44348)

000 -LEADER
fixed length control field 00752nam a2200217Ia 4500
001 - CONTROL NUMBER
control field 11109
003 - CONTROL NUMBER IDENTIFIER
control field GE_BSU
008 - FIXED-LENGTH DATA ELEMENTS--GENERAL INFORMATION
fixed length control field 181216s||||||||xx |||||||||||||| ||und||
040 ## - CATALOGING SOURCE
Transcribing agency GE_BSU
080 ## - UNIVERSAL DECIMAL CLASSIFICATION NUMBER
Universal Decimal Classification number 634.8
100 ## - MAIN ENTRY--PERSONAL NAME
Personal name ალექსიძე,ნ
245 ## - TITLE STATEMENT
Title ვაზის უმტავრესი მავნებლები და მათთან ბრძოლა.
245 ## - TITLE STATEMENT
Statement of responsibility, etc. რედ.კ.კალანდაძე.
260 ## - PUBLICATION, DISTRIBUTION, ETC.
Place of publication, distribution, etc. თბილისი.
260 ## - PUBLICATION, DISTRIBUTION, ETC.
Name of publisher, distributor, etc. სახელგამი.
260 ## - PUBLICATION, DISTRIBUTION, ETC.
Date of publication, distribution, etc. 1953.
300 ## - PHYSICAL DESCRIPTION
Extent 270გვ;22სმ
300 ## - PHYSICAL DESCRIPTION
Accompanying material ილ;
653 ## - INDEX TERM--UNCONTROLLED
Uncontrolled term ვაზის უმტავრესი მავნებლები და მათთან ბრძოლა.
942 ## - ADDED ENTRY ELEMENTS (KOHA)
Koha item type წიგნი
ეგზემპლარები
Withdrawn status Lost status Damaged status Not for loan Date acquired Barcode Date last seen Price effective from Koha item type
        2018-12-17 19296 2018-12-17 2018-12-17 წიგნი
        2018-12-17 19297 2018-12-17 2018-12-17 წიგნი
        2018-12-17 19298 2018-12-17 2018-12-17 წიგნი
        2018-12-17 19299 2018-12-17 2018-12-17 წიგნი
        2018-12-17 19300 2018-12-17 2018-12-17 წიგნი